LEADER 01286nam--2200385---450- 001 990000414760203316 035 $a0041476 035 $aUSA010041476 035 $a(ALEPH)000041476USA01 035 $a0041476 100 $a20010424d1991----km-y0itay0103----ba 101 $aita 102 $aIT 105 $a||||||||001yy 200 1 $aAtti del seminario$espazio senza barriere$fa cura di Luciano Scotto di Vettimo 210 $aNapoli$cCLEAN$dc.1991 300 $aContiene gli atti di un seminario didattico tenuto presso la Facoltą di Architettura nel 1989 300 $aIn testa al front.: Universitą degli studi di Napoli Federico II. Facoltą di Architettura 410 $12001 461 1$1001-------$12001 606 0 $aEdifici per minorati$xProgettazione$xCongressi$z1989 606 0 $aBarriere architettoniche$xCongressi$z1989 606 0 $aCongressi$yNapoli$z1989 676 $a720.42 702 1$aSCOTTO DI VETTIMO,$bLuciano 801 0$aIT$bsalbc$gISBD 912 $a990000414760203316 951 $a720.42 ATT$b9943 ING$c720.42 959 $aBK 969 $aTEC 979 $aPATTY$b90$c20010424$lUSA01$h1246 979 $c20020403$lUSA01$h1649 979 $aPATRY$b90$c20040406$lUSA01$h1629 996 $aAtti del seminario$9874910 997 $aUNISA LEADER 02800nam 2200721 450 001 9910830302003321 005 20230107140148.0 010 $a1-4443-0855-6 010 $a1-118-29345-2 010 $a1-282-11644-4 010 $a9786612116445 010 $a1-4443-0854-8 035 $a(CKB)2670000000137118 035 $a(EBL)428188 035 $a(OCoLC)630533248 035 $a(SSID)ssj0000356610 035 $a(PQKBManifestationID)11286634 035 $a(PQKBTitleCode)TC0000356610 035 $a(PQKBWorkID)10349665 035 $a(PQKB)10685410 035 $a(SSID)ssj0000614140 035 $a(PQKBManifestationID)12275397 035 $a(PQKBTitleCode)TC0000614140 035 $a(PQKBWorkID)10587651 035 $a(PQKB)10825437 035 $a(MiAaPQ)EBC428188 035 $a(MiAaPQ)EBC7076213 035 $a(Au-PeEL)EBL7076213 035 $a(PPN)170461009 035 $a(EXLCZ)992670000000137118 100 $a20230107d2009 uy 0 101 0 $aeng 135 $aur|n|---||||| 181 $ctxt 182 $cc 183 $acr 200 10$aAncient epic /$fKatherine Callen King 210 1$aMalden, Massachusetts :$cJohn Wiley & Sons, Incorporated,$d[2009] 210 4$d©2009 215 $a1 online resource (220 p.) 225 1 $aBlackwell Introductions to the Classical World 300 $aIncludes index. 311 $a1-4051-5947-2 311 $a1-118-25534-8 320 $aIncludes bibliographical references and index. 327 $aThe epic of Gilgamesh -- The context of Homeric epic -- The Iliad -- The Odyssey -- The Argonautika of Apollonios of Rhodes -- The context of Roman epic -- The Aeneid of Virgil -- The Metamorphoses of Ovid. 330 $aAncient Epic offers a comprehensive and accessible introduction to six of the greatest ancient epics - Homer's Iliad and Odyssey, Vergil's Aeneid, Ovid's Metamorphoses, and Apollonius of Rhodes' Agonautica.Provides an accessible introduction to the ancient epicOffers interpretive analyses of poems within a comprehensive historical contextIncludes a detailed timeline, suggestions for further readings, and an appendix of the Olympian gods and their Akkadian counterparts 410 0$aBlackwell introductions to the classical world. 606 $aEpic poetry$xHistory and criticism 606 $aPoetry, Ancient$xHistory and criticism 606 $aHeroes in literature 615 0$aEpic poetry$xHistory and criticism. 615 0$aPoetry, Ancient$xHistory and criticism. 615 0$aHeroes in literature. 676 $a809.132 700 $aKing$b Katherine Callen$0503561 801 0$bMiAaPQ 801 1$bMiAaPQ 801 2$bMiAaPQ 906 $aBOOK 912 $a9910830302003321 996 $aAncient epic$91756270 997 $aUNINA